000 00460nam a22001817a 4500
005 20260406124747.0
008 260406b |||||||| |||| 00| 0 eng d
020 _a9788192990156
041 _aEnglish
082 _a346.02 JAI
100 _a Jaibhave, J. D
245 _aLaw relating to Agreements:
_balong with Model Forms
250 _a3rd
260 _aNew Delhi:
_bKamal Publishers,
_c2017.
300 _a450 p
650 _aAgreement
942 _cDB
999 _c9606
_d9606